000 00858nam a22001937a 4500
005 20241115143620.0
008 241025b |||||||| |||| 00| 0 eng d
020 _a9786210218145
082 _aDFil 331.026 L113 2023
245 _aThe labor code of the Philippines :
_bpresidential decree no. 442, (as amended and renumbered) per DOLE department advisory No. 1, series of 2015 with updated rules to implement the labor code /
_ccompiled and edited by CBSI Editorial Staff.
250 _a2022 edition.
_b2023 reprint.
260 _aQuezon City :
_bCentral Book Supply, Inc.,
_c©2023.
300 _axvii, 726 pages :
_billustrations ;
_c15 cm.
500 _aIncludes appendices.
650 0 _aLabor
_zPhilippines.
_964176
650 0 _aLabor laws and legislation.
_964177
700 _aCBSI Editorial Staff.
_963473
_ecompiler and editor.
942 _2ddc
_cDFIL
999 _c22921
_d22921